Memoria /

Сохранить в:
Библиографические подробности
Корпоративные авторы: PRIDENA, Programa Interdisciplinario de Estudios y Acción Social sobre los Derechos de la Niñez y la Adolescencia
Формат: Текст
Опубликовано: San José: PRIDENA
Метки: Добавить метку
Нет меток, Требуется 1-ая метка записи!

MARC

LEADER 00000 a a2200000 04500
001 29895
003
040 |a CRAI/IIS  |c CRAI/IIS 
090 |a 194112  |b RECURSO ELECTRONICO  
110 |a PRIDENA  
245 |a Memoria /  |c PRIDENA  
260 |a San José:   |b PRIDENA  
710 |a Programa Interdisciplinario de Estudios y Acción Social sobre los Derechos de la Niñez y la Adolescencia  
999 |c 7177  |d 7177